000 00243nam a2200097Ia 4500
001 984101
005 20250826221018.0
008 250824s9999 xx 000 0 und d
245 0 _aKENDİNİ ARAMAK
_cİHSAN FAZLIOĞLU
260 _bKETEBE YAYINLARI
999 _c984101
_d984101